| 000 | 00756nam a22002297a 4500 | ||
|---|---|---|---|
| 003 | OSt | ||
| 005 | 20131031130200.0 | ||
| 008 | 130426s2008 sp ||||| |||| 00| | spa d | ||
| 020 | _a9788474269529 | ||
| 040 | _cCDMR | ||
| 100 | 1 |
_93293 _aConstable, Pamela |
|
| 245 |
_aDestellos de luz _b: de Afganistán a Pakistán, India, Cachemira -- _cPamelo Constable ; traducción, Joan Soler |
||
| 250 | _a1a ed. | ||
| 260 |
_aBarcelona _bIntermón Oxfam |
||
| 260 |
_bIcaria _c2008 |
||
| 300 | _a350 p. | ||
| 490 | 0 |
_aNadhari Narrativa _v6 |
|
| 500 | _aTít. orig.: Fragments of grace: my search for meaning in the strife of South Asia | ||
| 650 | 0 | 4 |
_94154 _aPeriodistes _xRelats personals |
| 650 | 0 | 4 |
_92802 _aCorresponsals estrangers _zÀsia |
| 942 |
_2udc _cMON |
||
| 999 |
_c6153 _d6153 |
||